[Event "Titled Tuesday intern op 11th Feb Early"]
[Site "Chess.com INT"]
[Date "2025.02.11"]
[Round "6"]
[White "Chernikov, Vladimir"]
[Black "Henriquez Villagra, Cristobal"]
[Result "0-1"]
[WhiteElo "2249"]
[BlackElo "2597"]
[PlyCount "84"]
[EventDate "2025.02.11"]
[EventType "swiss (blitz)"]
[EventRounds "11"]
[EventCountry "USA"]
[SourceTitle "CB09_2025"]
[SourceDate "2025.02.27"]
[SourceVersion "1"]
[SourceVersionDate "2025.02.27"]
[SourceQuality "1"]

1. d4 d6 2. Nf3 g6 3. b3 Bg7 4. Bb2 c5 5. e3 Nf6 6. dxc5 Qa5+ 7. Nbd2 Qxc5 8. a3 0-0 9. b4 Qc7 10. c4 Nc6 11. Be2 b6 12. 0-0 Bb7 13. Qb3 Rac8 14. Rac1 Qb8 15. Nd4 Nxd4 16. Bxd4 Rc7 17. Qb2 Rfc8 18. c5 bxc5 19. bxc5 e5 20. Bc3 Rxc5 21. Nb3 R5c7 22. Rfd1 Qa8 23. Rxd6 Bxg2 24. Bxe5 Bh3 25. f3 Rxc1+ 26. Nxc1 Ne8 27. Rd1 Qc6 28. Nd3 Qe6 29. Kf2 Qe7 30. Bxg7 Qh4+ 31. Kg1 Qg5+ 32. Kf2 Qg2+ 33. Ke1 Nxg7 34. Nf4 Qxh2 35. Nxh3 Qxh3 36. Rd4 Ne6 37. Re4 Qh1+ 38. Kd2 Rd8+ 39. Kc2 Qe1 40. Kb3 Nc5+ 41. Ka2 Nxe4 42. fxe4 Rd2 0-1

[Event "Titled Tuesday intern op 11th Feb Early"]
[Site "Chess.com INT"]
[Date "2025.02.11"]
[Round "1"]
[White "Chernikov, Vladimir"]
[Black "Sailer, Mike L"]
[Result "1-0"]
[WhiteElo "2249"]
[BlackElo "2108"]
[PlyCount "63"]
[EventDate "2025.02.11"]
[EventType "swiss (blitz)"]
[EventRounds "11"]
[EventCountry "USA"]
[SourceTitle "CB08_2025"]
[SourceDate "2025.02.19"]
[SourceVersion "1"]
[SourceVersionDate "2025.02.19"]
[SourceQuality "1"]

1. d4 d5 2. Bf4 Nf6 3. Nc3 c5 4. e3 a6 5. dxc5 Nc6 6. a3 e5 7. Bg5 d4 8. Ne4 Bf5 9. Ng3 Bg6 10. b4 h6 11. Bh4 Be7 12. Nf3 0-0 13. Bxf6 Bxf6 14. Bd3 dxe3 15. Bxg6 exf2+ 16. Kxf2 fxg6 17. Qxd8 Raxd8 18. Ne4 Nd4 19. c3 Nc2 20. Ra2 Bh4+ 21. Ke2 Rxf3 22. gxf3 Ne1 23. Rxe1 Bxe1 24. Kxe1 Rf8 25. Ke2 Rf4 26. Rd2 g5 27. Nd6 Rh4 28. Ke3 Rh3 29. Nxb7 g4 30. c6 Rxf3+ 31. Ke4 Rxc3 32. Nc5 1-0

[Event "Titled Tuesday intern op 11th Feb Early"]
[Site "Chess.com INT"]
[Date "2025.02.11"]
[Round "2"]
[White "Chernikov, Vladimir"]
[Black "Yilmaz, Baver"]
[Result "1-0"]
[WhiteElo "2249"]
[BlackElo "2207"]
[PlyCount "63"]
[EventDate "2025.02.11"]
[EventType "swiss (blitz)"]
[EventRounds "11"]
[EventCountry "USA"]
[SourceTitle "CB08_2025"]
[SourceDate "2025.02.19"]
[SourceVersion "1"]
[SourceVersionDate "2025.02.19"]
[SourceQuality "1"]

1. d4 d5 2. Nc3 Nf6 3. Bf4 g6 4. e3 Bg7 5. h4 0-0 6. h5 Nxh5 7. Rxh5 gxh5 8. Qxh5 e6 9. Bd3 f5 10. Nf3 Nd7 11. Nb5 Nf6 12. Qh2 Ng4 13. Qg3 Bd7 14. Nxc7 Rc8 15. 0-0-0 Rf6 16. Rh1 Rg6 17. Nh4 e5 18. dxe5 Qxc7 19. Nxg6 hxg6 20. e6 Qc6 21. exd7 Qxd7 22. f3 Bxb2+ 23. Kxb2 Qg7+ 24. Kb1 Rc6 25. Bc7 Nxe3 26. Qe5 Rxc7 27. Qe8+ Qf8 28. Rh8+ Kxh8 29. Qxf8+ Kh7 30. Qd6 Rc6 31. Qe7+ Kh6 32. Qxe3+ 1-0

[Event "Titled Tuesday intern op 04th Feb Early"]
[Site "Chess.com INT"]
[Date "2025.02.04"]
[Round "2"]
[White "Chernikov, Vladimir"]
[Black "Beerdsen, Thomas"]
[Result "1-0"]
[WhiteElo "2249"]
[BlackElo "2511"]
[PlyCount "93"]
[EventDate "2025.02.04"]
[EventType "swiss (blitz)"]
[EventRounds "11"]
[EventCountry "USA"]
[SourceTitle "CB07_2025"]
[SourceDate "2025.02.12"]
[SourceVersion "1"]
[SourceVersionDate "2025.02.12"]
[SourceQuality "1"]

1. Nf3 Nc6 2. b3 e5 3. Bb2 e4 4. Nd4 Qf6 5. e3 Bc5 6. Nc3 Bxd4 7. exd4 Qxd4 8. Qe2 Nf6 9. 0-0-0 d5 10. d3 Qe5 11. dxe4 dxe4 12. Nd5 Qxd5 13. Rxd5 Nxd5 14. Qxe4+ Be6 15. Bc4 0-0-0 16. Rd1 Nce7 17. Bxg7 Rhg8 18. Bb2 c6 19. Ba3 Ng6 20. g3 Rge8 21. Bxd5 Bxd5 22. Qg4+ Kb8 23. Qh5 b6 24. c4 Be6 25. Rxd8+ Rxd8 26. Qxh7 Ne5 27. Bd6+ Rxd6 28. Qh8+ Kb7 29. Qxe5 Rd8 30. h4 b5 31. f4 bxc4 32. f5 Bd5 33. Qe7+ Kc8 34. bxc4 Bxc4 35. Qxa7 Rd3 36. Qa8+ Kc7 37. Qa7+ Kc8 38. Qc5 Bb5 39. Qf8+ Kb7 40. Qxf7+ Kb6 41. Qf6 Rxg3 42. Qd4+ Kb7 43. f6 Rf3 44. Qd7+ Kb6 45. f7 Bc4 46. Qd8+ Kb5 47. f8Q 1-0

[Event "Titled Tuesday intern op 28th Jan Early"]
[Site "Chess.com INT"]
[Date "2025.01.28"]
[Round "1"]
[White "Chernikov, Vladimir"]
[Black "Araujo Filho, Luiz Antonio"]
[Result "1-0"]
[WhiteElo "2268"]
[BlackElo "2077"]
[PlyCount "63"]
[EventDate "2025.01.28"]
[EventType "swiss (blitz)"]
[EventRounds "11"]
[EventCountry "USA"]
[SourceTitle "CB06_2025"]
[SourceDate "2025.02.05"]
[SourceVersion "1"]
[SourceVersionDate "2025.02.05"]
[SourceQuality "1"]

1. d4 f5 2. Nc3 d5 3. g4 fxg4 4. e4 dxe4 5. Nxe4 Nf6 6. Bd3 Nxe4 7. Bxe4 Nc6 8. Ne2 e5 9. d5 Ne7 10. Bg5 Qd6 11. Nc3 Bd7 12. Qd3 0-0-0 13. 0-0-0 h6 14. Bh4 g5 15. Bg3 Bg7 16. Nb5 Qa6 17. c4 Bxb5 18. cxb5 Qxa2 19. Rhe1 Rd6 20. Bg2 Ng6 21. Re4 Nf4 22. Bxf4 exf4 23. Rb4 Rhd8 24. Be4 Kb8 25. Qc2 Qa5 26. Qb3 Qb6 27. Rd2 Re8 28. Rc2 f3 29. Rbc4 Rc8 30. Qb4 Rcd8 31. Rxc7 Qd4 32. Rc8+ 1-0

[Event "Titled Tuesday intern op 30th Jul Early"]
[Site "Chess.com INT"]
[Date "2024.07.30"]
[Round "1"]
[White "Stoyanov, Tsvetan"]
[Black "Chernikov, Vladimir"]
[Result "1-0"]
[WhiteElo "2461"]
[BlackElo "2266"]
[PlyCount "67"]
[EventDate "2024.07.30"]
[EventType "swiss (blitz)"]
[EventRounds "11"]
[EventCountry "USA"]
[SourceTitle "EXT 2025"]
[Source "ChessBase"]
[SourceDate "2024.10.14"]
[SourceVersion "1"]
[SourceVersionDate "2024.10.14"]
[SourceQuality "1"]

1. e4 d6 2. d4 Nf6 3. Nc3 Nbd7 4. Nf3 e5 5. Bc4 Be7 6. 0-0 0-0 7. a4 c6 8. Re1 exd4 9. Nxd4 Ne5 10. Ba2 Re8 11. h3 Ng6 12. a5 Bf8 13. a6 Qc7 14. axb7 Bxb7 15. Bg5 Nd7 16. Qf3 Nde5 17. Qg3 h6 18. Bd2 d5 19. exd5 cxd5 20. Rad1 Rad8 21. h4 Kh7 22. h5 Nh8 23. Bf4 f6 24. Nf5 Nhf7 25. Nxd5 Qxc2 26. Nde3 Qxb2 27. Bxf7 Nxf7 28. Qg6+ Kg8 29. Rb1 Qc3 30. Rxb7 Qxe1+ 31. Kh2 Qxf2 32. Qxf7+ Kh8 33. Bxh6 Re7 34. Rxe7 1-0

[Event "Titled Tuesday intern op 23rd Jul Early"]
[Site "Chess.com INT"]
[Date "2024.07.23"]
[Round "5"]
[White "Aslanov, Umid Fuad"]
[Black "Chernikov, Vladimir"]
[Result "1-0"]
[WhiteElo "2216"]
[BlackElo "2266"]
[PlyCount "137"]
[EventDate "2024.07.23"]
[EventType "swiss (blitz)"]
[EventRounds "11"]
[EventCountry "USA"]
[SourceTitle "EXT 2025"]
[Source "ChessBase"]
[SourceDate "2024.10.14"]
[SourceVersion "1"]
[SourceVersionDate "2024.10.14"]
[SourceQuality "1"]

1. e4 d6 2. d4 Nf6 3. Nc3 Nbd7 4. Nf3 e5 5. h3 c6 6. a4 Be7 7. Bc4 0-0 8. 0-0 h6 9. Re1 Re8 10. Be3 exd4 11. Bxd4 Qc7 12. Qd2 Ne5 13. Nxe5 dxe5 14. Be3 Bb4 15. Bd3 Be6 16. Nb5 Qe7 17. c3 Ba5 18. b4 Bd8 19. Bc5 Qd7 20. Nd6 Rf8 21. Bc2 Be7 22. Rad1 Rfd8 23. Qe2 Qc7 24. Nf5 Bxc5 25. bxc5 Bxf5 26. exf5 Rxd1 27. Rxd1 e4 28. Rd6 Qe7 29. f3 Qe5 30. Qe3 Re8 31. fxe4 Nd5 32. Qd4 Qg3 33. Qf2 Qxf2+ 34. Kxf2 Nxc3 35. Kf3 Re5 36. Rd7 Rxc5 37. Rxb7 Rc4 38. Rxa7 Kf8 39. a5 Rb4 40. a6 Nb5 41. Ra8+ Ke7 42. e5 Nd4+ 43. Kg3 Nxc2 44. Rc8 Ra4 45. Rxc6 Nd4 46. Rc7+ Kd8 47. Rxf7 Rxa6 48. e6 Ke8 49. Kf4 Ra5 50. g4 Ne2+ 51. Kf3 Nc3 52. Rxg7 Nd5 53. Rh7 Nf6 54. Rxh6 Ra3+ 55. Kf4 Ra4+ 56. Ke5 Ng8 57. Rh8 Ra5+ 58. Kf4 Ra4+ 59. Kg5 Kf8 60. f6 Ra5+ 61. Kf4 Ra4+ 62. Ke5 Ra5+ 63. Ke4 Ra4+ 64. Kf5 Ra5+ 65. Kg6 Ra7 66. e7+ Ke8 67. Rxg8+ Kd7 68. e8Q+ Kd6 69. Qe7+ 1-0

[Event "Titled Tuesday intern op 23rd Jul Early"]
[Site "Chess.com INT"]
[Date "2024.07.23"]
[Round "3"]
[White "Liyanage, Ranindu Dilshan"]
[Black "Chernikov, Vladimir"]
[Result "0-1"]
[WhiteElo "2370"]
[BlackElo "2266"]
[PlyCount "42"]
[EventDate "2024.07.23"]
[EventType "swiss (blitz)"]
[EventRounds "11"]
[EventCountry "USA"]
[SourceTitle "EXT 2025"]
[Source "ChessBase"]
[SourceDate "2024.10.14"]
[SourceVersion "1"]
[SourceVersionDate "2024.10.14"]
[SourceQuality "1"]

1. e4 d6 2. d4 Nf6 3. Nc3 Nbd7 4. Nf3 e5 5. Bc4 Be7 6. a4 0-0 7. 0-0 c6 8. Re1 exd4 9. Qxd4 Ne5 10. Nxe5 dxe5 11. Qxe5 Ng4 12. Qf4 Bd6 13. e5 Nxe5 14. Rxe5 Qc7 15. Qh4 Bxe5 16. Ne4 Bf5 17. Bd3 Bg6 18. Rb1 Rad8 19. Be3 Rfe8 20. Bg5 Rd4 21. f3 f5 0-1

[Event "Titled Tuesday intern op 23rd Jul Early"]
[Site "Chess.com INT"]
[Date "2024.07.23"]
[Round "8"]
[White "Sargsyan, Anna M"]
[Black "Chernikov, Vladimir"]
[Result "1-0"]
[WhiteElo "2371"]
[BlackElo "2266"]
[PlyCount "45"]
[EventDate "2024.07.23"]
[EventType "swiss (blitz)"]
[EventRounds "11"]
[EventCountry "USA"]
[SourceTitle "EXT 2025"]
[Source "ChessBase"]
[SourceDate "2024.10.14"]
[SourceVersion "1"]
[SourceVersionDate "2024.10.14"]
[SourceQuality "1"]

1. d4 Nf6 2. c4 e5 3. dxe5 Ng4 4. Bf4 g5 5. Bd2 Nxe5 6. Bc3 Bg7 7. Nd2 d6 8. e3 Qe7 9. Qc2 Nbc6 10. h4 g4 11. Ne2 Be6 12. Nf4 0-0-0 13. 0-0-0 f5 14. g3 Rhe8 15. Bg2 Bg8 16. Nd5 Qf7 17. Kb1 h5 18. Ka1 Ne7 19. Qa4 Nxd5 20. Bxd5 Qd7 21. Qxa7 Nc6 22. Qa8+ Nb8 23. Qxb7# 1-0

[Event "Titled Tuesday intern op 16th Jul Early"]
[Site "Chess.com INT"]
[Date "2024.07.16"]
[Round "3"]
[White "Chernikov, Vladimir"]
[Black "Asish, Panda"]
[Result "0-1"]
[WhiteElo "2266"]
[BlackElo "1911"]
[PlyCount "80"]
[EventDate "2024.07.16"]
[EventType "swiss (blitz)"]
[EventRounds "11"]
[EventCountry "USA"]
[SourceTitle "EXT 2025"]
[Source "ChessBase"]
[SourceDate "2024.10.14"]
[SourceVersion "1"]
[SourceVersionDate "2024.10.14"]
[SourceQuality "1"]

1. Nf3 d5 2. b3 Nf6 3. Bb2 e6 4. e3 Be7 5. d4 0-0 6. Bd3 b6 7. Nbd2 Bb7 8. Ne5 Nbd7 9. f4 c5 10. Qf3 Rc8 11. 0-0 cxd4 12. exd4 Bb4 13. Rf2 Bxd2 14. Rxd2 Ne4 15. Qh3 f5 16. Re2 Ndf6 17. g4 fxg4 18. Nxg4 Nxg4 19. Qxg4 Rf6 20. Rg2 Qc7 21. Bxe4 dxe4 22. d5 Rg6 23. Qh3 Rxg2+ 24. Qxg2 exd5 25. Rd1 Rf8 26. Be5 Qf7 27. c4 dxc4 28. bxc4 e3 29. Qg4 Bc8 30. Qg3 e2 31. Re1 Be6 32. Rxe2 Bxc4 33. Rc2 g6 34. a3 Rd8 35. Qc3 Ba6 36. Qf3 Bb7 37. Qe3 Qd5 38. h4 Qd1+ 39. Kh2 Qxc2+ 40. Kg3 Rd3 0-1

[Event "Titled Tuesday intern op 09th Jul Early"]
[Site "Chess.com INT"]
[Date "2024.07.09"]
[Round "2"]
[White "Chernikov, Vladimir"]
[Black "Vasquez Toledo, Cristian"]
[Result "1-0"]
[WhiteElo "2266"]
[BlackElo "2303"]
[PlyCount "87"]
[EventDate "2024.07.09"]
[EventType "swiss (blitz)"]
[EventRounds "11"]
[EventCountry "USA"]
[SourceTitle "EXT 2025"]
[Source "ChessBase"]
[SourceDate "2024.10.14"]
[SourceVersion "1"]
[SourceVersionDate "2024.10.14"]
[SourceQuality "1"]

1. Nf3 Nf6 2. b3 d5 3. Bb2 e6 4. e3 Be7 5. d4 0-0 6. Bd3 c5 7. Nbd2 b6 8. Ne5 Bb7 9. 0-0 Ne4 10. f4 f6 11. Nef3 f5 12. c4 Nc6 13. cxd5 exd5 14. Rc1 Rc8 15. Qe2 Nb4 16. a3 Nxd3 17. Qxd3 Bf6 18. Ne5 Bxe5 19. dxe5 Qe7 20. Rfd1 Rfd8 21. Qe2 h6 22. Qe1 Ba6 23. b4 cxb4 24. Nxe4 dxe4 25. axb4 Bd3 26. Bd4 Kh7 27. Qd2 Rxc1 28. Rxc1 Rd7 29. Rc8 Rc7 30. Rxc7 Qxc7 31. Bc3 Kg8 32. e6 Qe7 33. Qa2 Kh7 34. Qd5 Ba6 35. Qxf5+ Kg8 36. Qxe4 Bc8 37. f5 Qd6 38. h3 Qd1+ 39. Kh2 Qd6+ 40. Be5 Qe7 41. Qd5 Bb7 42. Qd2 Qxb4 43. Qd8+ Kh7 44. Qd7 1-0

[Event "Titled Tuesday intern op 09th Jul Early"]
[Site "Chess.com INT"]
[Date "2024.07.09"]
[Round "4"]
[White "Chigaev, Maksim"]
[Black "Chernikov, Vladimir"]
[Result "1-0"]
[WhiteElo "2623"]
[BlackElo "2266"]
[PlyCount "73"]
[EventDate "2024.07.09"]
[EventType "swiss (blitz)"]
[EventRounds "11"]
[EventCountry "USA"]
[SourceTitle "EXT 2025"]
[Source "ChessBase"]
[SourceDate "2024.10.14"]
[SourceVersion "1"]
[SourceVersionDate "2024.10.14"]
[SourceQuality "1"]

1. c4 e6 2. g3 d5 3. Bg2 Nf6 4. Nf3 a6 5. Qc2 Nc6 6. 0-0 Rb8 7. d4 Nb4 8. Qb3 dxc4 9. Qxc4 b5 10. Qc3 Nbd5 11. Qc6+ Bd7 12. Qc2 Nb4 13. Qd1 c5 14. dxc5 Bxc5 15. Ne5 0-0 16. a3 Nbd5 17. Bg5 Be7 18. Nxd7 Nxd7 19. Bxe7 Nxe7 20. Nc3 Nf6 21. Qb3 Qb6 22. Qb4 Nc6 23. Bxc6 Qxc6 24. Rac1 Qb7 25. Rfd1 Rfd8 26. Qa5 Rxd1+ 27. Rxd1 h5 28. h3 h4 29. g4 Kh7 30. Qb4 Rc8 31. g5 Rc4 32. Qd6 Ne4 33. Qd3 g6 34. Qf3 Kg7 35. Nxe4 Qxe4 36. Qf6+ Kh7 37. Qxf7+ 1-0

[Event "Titled Tuesday intern op 09th Jul Early"]
[Site "Chess.com INT"]
[Date "2024.07.09"]
[Round "6"]
[White "Golubev, Mikhail"]
[Black "Chernikov, Vladimir"]
[Result "1-0"]
[WhiteElo "2461"]
[BlackElo "2266"]
[PlyCount "65"]
[EventDate "2024.07.09"]
[EventType "swiss (blitz)"]
[EventRounds "11"]
[EventCountry "USA"]
[SourceTitle "EXT 2025"]
[Source "ChessBase"]
[SourceDate "2024.10.14"]
[SourceVersion "1"]
[SourceVersionDate "2024.10.14"]
[SourceQuality "1"]

1. e4 d6 2. d4 Nf6 3. Nc3 Nbd7 4. Nf3 e5 5. Bc4 Be7 6. a4 0-0 7. 0-0 c6 8. Re1 h6 9. h3 a5 10. Be3 exd4 11. Nxd4 Re8 12. Nf5 Ne5 13. Nxe7+ Qxe7 14. Bf1 Ng6 15. f4 Nxe4 16. Nxe4 Qxe4 17. Bf2 Qxe1 18. Bxe1 Nxf4 19. Qxd6 Ng6 20. Bc3 Bf5 21. Qd4 f6 22. Bc4+ Kh7 23. Bf7 Re4 24. Bxg6+ Bxg6 25. Qd7 Kh8 26. Rf1 Rf8 27. Qxb7 Re2 28. Rf2 Rfe8 29. Rxf6 R2e7 30. Qxe7 Rxe7 31. Rxg6 Re2 32. Rxg7 Re3 33. Rg3+ 1-0

[Event "Titled Tuesday intern op 25th Jun Late"]
[Site "Chess.com INT"]
[Date "2024.06.25"]
[Round "1"]
[White "Chernikov, Vladimir"]
[Black "Rozman, Levy"]
[Result "0-1"]
[WhiteElo "2266"]
[BlackElo "2322"]
[PlyCount "90"]
[EventDate "2024.06.25"]
[EventType "swiss (blitz)"]
[EventRounds "11"]
[EventCountry "USA"]
[SourceTitle "EXT 2025"]
[Source "ChessBase"]
[SourceDate "2024.10.14"]
[SourceVersion "1"]
[SourceVersionDate "2024.10.14"]
[SourceQuality "1"]

1. Nf3 g6 2. d4 Bg7 3. b3 d6 4. Bb2 c5 5. e3 Nc6 6. Nbd2 Nh6 7. Be2 Nf5 8. c3 0-0 9. 0-0 b6 10. Qc2 cxd4 11. exd4 Bb7 12. d5 Ne5 13. Nxe5 Bxe5 14. c4 Nd4 15. Bxd4 Bxd4 16. Rad1 a5 17. h4 a4 18. h5 axb3 19. axb3 b5 20. hxg6 hxg6 21. cxb5 Rc8 22. Qd3 Bf6 23. Ne4 Bg7 24. Bg4 f5 25. Ng5 Rc3 26. Qb1 e5 27. Ne6 Qh4 28. Nxf8 Kxf8 29. Qa1 e4 30. Qa7 Be5 31. Bh3 Rxh3 32. Qb8+ Kg7 33. Qxb7+ Kh6 34. gxh3 Qxh3 35. f4 exf3 36. Rf2 Bg3 37. Qe7 Bxf2+ 38. Kxf2 Qg2+ 39. Ke1 f2+ 40. Kd2 f1Q+ 41. Kc1 Qf4+ 42. Kb1 Qge4+ 43. Qxe4 Qxe4+ 44. Kb2 Qe2+ 45. Kc1 Qxb5 0-1

[Event "Titled Tuesday intern op 04th Jun Late"]
[Site "Chess.com INT"]
[Date "2024.06.04"]
[Round "2"]
[White "Bestard Borras, Miguel"]
[Black "Chernikov, Vladimir"]
[Result "1-0"]
[WhiteElo "2113"]
[BlackElo "2266"]
[PlyCount "121"]
[EventDate "2024.06.04"]
[EventType "swiss (blitz)"]
[EventRounds "11"]
[EventCountry "USA"]
[SourceTitle "EXT 2025"]
[Source "ChessBase"]
[SourceDate "2024.10.14"]
[SourceVersion "1"]
[SourceVersionDate "2024.10.14"]
[SourceQuality "1"]

1. d4 Nf6 2. Bf4 c5 3. e3 d5 4. c3 Nc6 5. Nd2 e6 6. Bd3 Bd6 7. Bxd6 Qxd6 8. f4 cxd4 9. cxd4 b6 10. a3 Ne7 11. Ngf3 Ng6 12. Ne5 0-0 13. h4 Nd7 14. h5 Ngxe5 15. fxe5 Qe7 16. h6 g6 17. Qg4 f5 18. Qh4 Qxh4+ 19. Rxh4 Kf7 20. Nf3 Re8 21. Ng5+ Kg8 22. Bb5 Re7 23. Bxd7 Bxd7 24. Rc1 Rc8 25. Rxc8+ Bxc8 26. Kd2 Bd7 27. Rh1 Bc6 28. Rc1 Bb7 29. Rc3 Kf8 30. g3 Ke8 31. Kc2 Kd7 32. Kb3 Bc6 33. Kb4 a5+ 34. Kb3 Kc7 35. Kc2 Kb7 36. b4 Ba4+ 37. Kb2 axb4 38. axb4 Bb5 39. Kb3 Bc4+ 40. Rxc4 dxc4+ 41. Kxc4 Rc7+ 42. Kd3 Rc1 43. Nxe6 Rh1 44. Ng5 Kc6 45. e6 Kd6 46. d5 Rh5 47. Nf7+ Ke7 48. Kd4 Kf6 49. Kc4 g5 50. Kb5 f4 51. Kc6 fxe3 52. d6 e2 53. d7 e1Q 54. d8Q+ Kf5 55. Qd5+ Kg4 56. Ne5+ Kh3 57. e7 Rxh6+ 58. Kd7 Qxb4 59. e8Q Qa4+ 60. Kd8 Qa7 61. Qed7+ 1-0

[Event "Titled Tuesday intern op 04th Jun Late"]
[Site "Chess.com INT"]
[Date "2024.06.04"]
[Round "7"]
[White "Cofre Archibold, Nestor"]
[Black "Chernikov, Vladimir"]
[Result "1-0"]
[WhiteElo "2226"]
[BlackElo "2266"]
[PlyCount "87"]
[EventDate "2024.06.04"]
[EventType "swiss (blitz)"]
[EventRounds "11"]
[EventCountry "USA"]
[SourceTitle "EXT 2025"]
[Source "ChessBase"]
[SourceDate "2024.10.14"]
[SourceVersion "1"]
[SourceVersionDate "2024.10.14"]
[SourceQuality "1"]

1. c4 e5 2. Nc3 Nf6 3. Nf3 e4 4. Ng5 c6 5. Ngxe4 Nxe4 6. Nxe4 d5 7. cxd5 cxd5 8. Nc3 d4 9. Ne4 f5 10. Ng3 h5 11. e3 h4 12. Ne2 Nc6 13. Qa4 dxe3 14. dxe3 h3 15. Bd2 Qb6 16. Bc3 Be6 17. Nd4 Bd5 18. Rg1 0-0-0 19. 0-0-0 Bc5 20. gxh3 Nxd4 21. Bxd4 Bf3 22. Rd2 Kb8 23. Kb1 Be4+ 24. Ka1 Bc6 25. Qd1 Bb4 26. Be5+ Kc8 27. Rd4 Bc5 28. Bd3 Bxd4 29. Bxf5+ Bd7 30. Bxd7+ Rxd7 31. exd4 Qe6 32. Qc2+ Qc6 33. Qd2 Kd8 34. Rc1 Qg6 35. Qc3 Ke7 36. Qa3+ Ke6 37. Qb3+ Kf5 38. Qd3+ Ke6 39. Qxg6+ Kd5 40. Qg2+ Ke6 41. Qg4+ Kf7 42. Qxd7+ Kg6 43. Qg4+ Kh7 44. Qxg7# 1-0

[Event "Titled Tuesday intern op 28th May Early"]
[Site "Chess.com INT"]
[Date "2024.05.28"]
[Round "1"]
[White "Chernikov, Vladimir"]
[Black "Seemann, Jakub"]
[Result "1/2-1/2"]
[WhiteElo "2224"]
[BlackElo "2474"]
[PlyCount "134"]
[EventDate "2024.05.28"]
[EventType "swiss (blitz)"]
[EventRounds "11"]
[EventCountry "USA"]
[SourceTitle "EXT 2025"]
[Source "ChessBase"]
[SourceDate "2024.10.14"]
[SourceVersion "1"]
[SourceVersionDate "2024.10.14"]
[SourceQuality "1"]

1. Nf3 d5 2. e3 Nc6 3. c4 dxc4 4. Bxc4 e5 5. Nc3 h6 6. 0-0 Nf6 7. d4 exd4 8. exd4 Be7 9. d5 Nb8 10. Bf4 0-0 11. Qd4 Bd6 12. Ne5 Nbd7 13. Rfe1 Nxe5 14. Bxe5 Bxe5 15. Rxe5 Ne8 16. Ne4 Nd6 17. Nxd6 cxd6 18. Re3 Bf5 19. Rae1 Qd7 20. h3 Rfe8 21. Rxe8+ Rxe8 22. Rxe8+ Qxe8 23. Qxa7 Qe1+ 24. Kh2 Qe5+ 25. g3 Qxb2 26. Qe3 Kh7 27. Bd3 Bxd3 28. Qxd3+ Kg8 29. Qf5 g6 30. Qc8+ Kg7 31. Kg2 b5 32. Qc6 Qb4 33. h4 Qc5 34. Qb7 b4 35. Qc6 Kf6 36. Qb7 Qd4 37. Qc6 Qe4+ 38. Kh2 Ke5 39. Qe8+ Kxd5 40. Qxf7+ Kd4 41. Qb3 Kc5 42. Qf7 d5 43. Qf8+ Kc4 44. Qxh6 Kc3 45. Qc1+ Qc2 46. Qe3+ Kc4 47. g4 Qxa2 48. h5 gxh5 49. gxh5 b3 50. h6 Qc2 51. Qf4+ d4 52. Qf7+ Kc3 53. h7 b2 54. Qc7+ Kd2 55. Qf4+ Ke1 56. h8Q b1Q 57. Qhe5+ Kf1 58. Qexd4 Qh7+ 59. Qh4 Qb8+ 60. Kh3 Qc8+ 61. Qdg4 Qc3+ 62. Qgg3 Qc8+ 63. Kh2 Qxh4+ 64. Qxh4 Qc7+ 65. Qg3 Qh7+ 66. Qh3+ Qxh3+ 67. Kxh3 Kxf2 1/2-1/2

[Event "Titled Tuesday intern op 09th Apr Early"]
[Site "Chess.com INT"]
[Date "2024.04.09"]
[Round "2"]
[White "Chernikov, Vladimir"]
[Black "Kujawski, Adam"]
[Result "0-1"]
[WhiteElo "2231"]
[BlackElo "2111"]
[PlyCount "82"]
[EventDate "2024.04.09"]
[EventType "swiss (blitz)"]
[EventRounds "11"]
[EventCountry "USA"]
[SourceTitle "EXT 2025"]
[Source "ChessBase"]
[SourceDate "2024.10.14"]
[SourceVersion "1"]
[SourceVersionDate "2024.10.14"]
[SourceQuality "1"]

1. d4 g6 2. Nf3 Bg7 3. e4 b6 4. Nbd2 Bb7 5. Bd3 d6 6. c3 e6 7. 0-0 Nd7 8. a4 a6 9. a5 b5 10. c4 b4 11. b3 c5 12. Bb2 Ne7 13. Qc2 e5 14. d5 0-0 15. Ne1 f5 16. f4 exf4 17. Bxg7 Kxg7 18. Rxf4 g5 19. Rxf5 Nxf5 20. exf5 Nf6 21. Nef3 h6 22. Re1 Re8 23. Qc1 Rxe1+ 24. Qxe1 Qe8 25. Qf2 Ng4 26. f6+ Kh8 27. f7 Qe7 28. Qe2 Qxe2 29. Bxe2 Rf8 30. Nxg5 hxg5 31. Bxg4 Rxf7 32. Ne4 Rf4 33. Nxd6 Bxd5 34. Bc8 Bg8 35. g3 Rd4 36. Nf5 Rd3 37. Bxa6 Rxb3 38. Bb7 Bxc4 39. a6 Ra3 40. Nd6 Bxa6 41. Bd5 b3 0-1

[Event "Titled Tuesday intern op 05th Sep Early"]
[Site "Chess.com INT"]
[Date "2023.09.05"]
[Round "6"]
[White "Chernikov, Vladimir"]
[Black "Sabatier, Mathis"]
[Result "1-0"]
[WhiteElo "2295"]
[BlackElo "2130"]
[PlyCount "41"]
[EventDate "2023.09.05"]
[EventType "swiss (blitz)"]
[EventRounds "11"]
[EventCountry "USA"]
[SourceTitle "EXT 2024"]
[Source "ChessBase"]
[SourceDate "2023.10.10"]
[SourceVersion "1"]
[SourceVersionDate "2023.10.10"]
[SourceQuality "1"]

1. d4 d5 2. Nf3 Nf6 3. Bf4 c5 4. e3 Nc6 5. Nbd2 e6 6. c3 cxd4 7. exd4 Nh5 8. Be3 Bd6 9. g3 0-0 10. Bg2 f5 11. Ne5 g6 12. f4 Nf6 13. 0-0 Bxe5 14. dxe5 Ne4 15. Nxe4 fxe4 16. Bd4 b6 17. Qg4 Ba6 18. Qxe6+ Kh8 19. Qxc6 Bxf1 20. e6+ Kg8 21. Rxf1 1-0

[Event "Montserrat op"]
[Site "Montserrat"]
[Date "2023.09.02"]
[Round "9"]
[White "Suvradeepta, Das"]
[Black "Chernikov, Vladimir"]
[Result "1/2-1/2"]
[WhiteElo "2122"]
[BlackElo "2225"]
[PlyCount "40"]
[EventDate "2023.08.28"]
[EventType "swiss"]
[EventRounds "9"]
[EventCountry "ESP"]
[SourceTitle "CBM 216 Extra"]
[Source "ChessBase"]
[SourceDate "2023.11.30"]
[SourceVersion "1"]
[SourceVersionDate "2023.11.30"]
[SourceQuality "1"]

1. d4 d5 2. c4 e6 3. g3 a6 4. cxd5 exd5 5. Bg2 Nf6 6. Nf3 Be7 7. 0-0 0-0 8. Nc3 c6 9. a3 Bf5 10. Bg5 Nbd7 11. Rc1 h6 12. Bxf6 Nxf6 13. b4 Ne4 14. Nxe4 Bxe4 15. Qb3 Qd6 16. Ne5 Bxg2 17. Kxg2 Bf6 18. Nf3 Rfe8 19. e3 g6 20. a4 Rac8 1/2-1/2

[Event "Montserrat op"]
[Site "Montserrat"]
[Date "2023.09.01"]
[Round "7"]
[White "Chernikov, Vladimir"]
[Black "Luque Saiz, Andres"]
[Result "1/2-1/2"]
[WhiteElo "2225"]
[BlackElo "2318"]
[PlyCount "68"]
[EventDate "2023.08.28"]
[EventType "swiss"]
[EventRounds "9"]
[EventCountry "ESP"]
[SourceTitle "CBM 216 Extra"]
[Source "ChessBase"]
[SourceDate "2023.11.30"]
[SourceVersion "1"]
[SourceVersionDate "2023.11.30"]
[SourceQuality "1"]

1. d4 d5 2. Nf3 Nf6 3. Bf4 c5 4. e3 Nc6 5. Nbd2 Nh5 6. dxc5 Nxf4 7. exf4 Qa5 8. c4 Qxc5 9. cxd5 Qxd5 10. Bc4 Qf5 11. 0-0 e6 12. g3 Be7 13. Qe2 h6 14. Ne5 g5 15. Bd3 Qh3 16. Nxc6 bxc6 17. Qe4 Bd7 18. Qd4 Rg8 19. f5 exf5 20. Rfe1 Be6 21. Rxe6 fxe6 22. Qe5 Kf7 23. Re1 f4 24. Nf3 Rad8 25. Bc4 Rd6 26. Nd4 Rg6 27. Nf5 f3 28. Ne3 Rf6 29. Qe4 Ke8 30. Bf1 Qh5 31. Nc4 Rd5 32. Ne3 Rd6 33. Nc4 Rd5 34. Ne3 Rd6 1/2-1/2